| 000 | 00512nam a2200181Ia 4500 | ||
|---|---|---|---|
| 003 | GCL | ||
| 008 | 140319s9999 xx 000 0 ara d | ||
| 040 |
_aGCL / _cGCL |
||
| 082 | 0 | 4 |
_aد _b050 |
| 100 | 1 | _aاسماعيل صبرى عبدالله | |
| 245 | 1 | 0 |
_aفى مواجهة اسرائيل (اقرا 319 ) / _cاسماعيل صبرى عبدالله |
| 300 | _a166 | ||
| 490 |
_aاقرأ _v0 |
||
| 650 | 0 | 4 | _aاسرائيل |
| 650 | 0 | 4 | _aالصهيونية |
| 650 | 0 | 4 | _aالاستعمار |
| 942 |
_2ddc _cBK |
||
| 999 |
_c48798 _d48798 |
||